[Event "Canadian op 51st"]
[Site "Montreal"]
[Date "2014.07.24"]
[Round "7"]
[White "Hansen, Eric"]
[Black "Tiviakov, Sergei"]
[Result "1/2-1/2"]
[WhiteElo "2596"]
[BlackElo "2656"]
[Annotator "CB"]
[PlyCount "98"]
[EventDate "2014.07.19"]
[EventType "swiss"]
[EventRounds "9"]
[EventCountry "CAN"]
[SourceTitle "CBM 161 Extra"]
[Source "ChessBase"]
[SourceDate "2014.08.29"]
[SourceVersion "1"]
[SourceVersionDate "2014.08.29"]
[SourceQuality "1"]

1. e4 d5 2. exd5 Qxd5 3. Nc3 Qd6 4. d4 Nf6 5. Nf3 c6 6. g3 Bg4 7. Bg2 e6 8. h3
Bh5 9. O-O Be7 10. Ne2 O-O 11. c3 Qc7 12. Nf4 Bxf3 13. Qxf3 Nbd7 14. Nd3 Rac8
15. Be3 Nd5 16. Bd2 Bf6 17. Rfe1 Rfd8 18. Qe2 a5 19. a4 b6 20. Nf4 Nf8 21. h4
Qd7 22. Kh2 Nxf4 23. Bxf4 Ng6 24. Be3 Ne7 25. Rad1 Nd5 26. Bc1 b5 27. Be4 g6
28. Qf3 Bg7 29. Bc2 Qe7 30. Kg2 h6 31. Re2 Qf6 32. Qg4 b4 33. c4 Ne7 34. Be3 b3
$1 {forciert das entstehende Endspiel mit ungleichfarbigen Läufern.} 35. Bxb3
Nf5 36. d5 (36. Red2 Rb8 37. Ba2 e5 38. d5 (38. dxe5 $2 Nxe3+ 39. fxe3 Rxd2+
40. Rxd2 Qxe5 $44) 38... cxd5 39. cxd5 Rb4 $132) 36... Rb8 37. Rd3 cxd5 38.
cxd5 exd5 39. Bxd5 Rb4 40. Qf3 Nxe3+ 41. Qxe3 Rd4 42. Rxd4 Qxd4 43. Qxd4 Bxd4
44. Bc4 Kf8 45. b3 Rd6 46. Rd2 Ke7 47. Re2+ Kf8 48. Re4 Bc3 49. Rf4 Rf6 1/2-1/2

[Event "Canadian op 51st"]
[Site "Montreal"]
[Date "2014.07.26"]
[Round "9"]
[White "Preotu, Razvan"]
[Black "Tiviakov, Sergei"]
[Result "0-1"]
[WhiteElo "2341"]
[BlackElo "2656"]
[Annotator "CB"]
[PlyCount "94"]
[EventDate "2014.07.19"]
[EventType "swiss"]
[EventRounds "9"]
[EventCountry "CAN"]
[SourceTitle "CBM 161 Extra"]
[Source "ChessBase"]
[SourceDate "2014.08.29"]
[SourceVersion "1"]
[SourceVersionDate "2014.08.29"]
[SourceQuality "1"]

1. e4 d5 2. exd5 Qxd5 3. Nc3 Qd6 4. d4 Nf6 5. Nf3 c6 6. Ne5 Nbd7 7. Nc4 Qc7 8.
Qf3 Nb6 9. Bf4 Qd8 10. Be5 Bg4 11. Qf4 Be6 12. Nxb6 Qxb6 13. O-O-O O-O-O 14.
Be2 h5 15. Kb1 Ng4 16. Bxg4 hxg4 17. Qe4 Rh5 18. Bg3 Ra5 {dank diesem
kreativen Turmmanöver erlangt Schwarz die Initiative.} 19. b3 Bf5 20. Qe3 e6
21. Ne4 Rad5 22. Qf4 (22. c3 e5 $19 {und die weiße Stellung bröckelt
auseinander}) 22... Bxe4 23. Qxe4 Rxd4 24. Rxd4 Qxd4 25. Qxd4 Rxd4 $17 26. Kb2
Bd6 27. Bxd6 Rxd6 28. Kc3 Rd5 29. h4 Kd7 30. Re1 Kd6 31. g3 Rf5 32. Re2 Rc5+
33. Kd4 Rd5+ 34. Kc3 Rd1 35. a4 f5 36. Kc4 e5 37. c3 b6 38. b4 a6 39. Kb3 b5
40. axb5 axb5 41. Kc2 Rd5 42. Re1 e4 43. h5 Rd3 44. Re3 Rxe3 45. fxe3 Ke6 46.
Kb3 Kf6 47. c4 Kg5 0-1

[Event "Canadian op 51st"]
[Site "Montreal"]
[Date "2014.07.22"]
[Round "5"]
[White "Van Kampen, Robin"]
[Black "Tiviakov, Sergei"]
[Result "1/2-1/2"]
[WhiteElo "2636"]
[BlackElo "2656"]
[Annotator "CB"]
[PlyCount "151"]
[EventDate "2014.07.19"]
[EventType "swiss"]
[EventRounds "9"]
[EventCountry "CAN"]
[SourceTitle "CBM 161 Extra"]
[Source "ChessBase"]
[SourceDate "2014.08.29"]
[SourceVersion "1"]
[SourceVersionDate "2014.08.29"]
[SourceQuality "1"]

1. e4 d5 2. exd5 Qxd5 3. Nc3 Qd6 4. d4 Nf6 5. Nf3 c6 6. g3 Bg4 7. Bg2 e6 8. h3
Bxf3 9. Bxf3 Be7 10. O-O O-O 11. Ne2 Qc7 12. c3 Nbd7 13. Bg2 a6 14. Qb3 b5 15.
Bd2 Nb6 16. Qc2 Rac8 17. Rad1 Nfd5 18. Bc1 Bd6 19. Kh1 c5 20. dxc5 Qxc5 $11 {
Schwarz hat dynamischen Ausgleich erlangt, die aktiven Figuren und der Druck
in der c-Linie kompensieren das weiße Läuferpaar.} 21. Qe4 Rfe8 22. Nd4 b4 $6
{hilft an dieser Stelle eher dem Weißen, da nun der Bauer auf a6 schwach wird.
} (22... Nc4 {und ich sehe keinen guten Plan für Weiß.}) 23. cxb4 Qxb4 24. a3
Qc5 25. Qd3 Qc4 $6 26. Qxc4 Nxc4 $6 (26... Rxc4 $142 {um den Isolanie auf d5
zu verhindern. Aber auch hier scheint die weiße Stellung angenehmer}) 27. Nf5
Be5 28. Bxd5 exd5 $16 {Nach einer Folge ungenauer Züge muss Tiviakov jetzt
ein schwierige Stellung verteidigen: die schwarzen Bauern sind nun deutlich
schwächer als die weißen, die momentane Aktivität der schwarzen Figuren
kann schnell neutralisiert werden.} 29. b3 Nb6 30. Be3 Rb8 31. a4 g6 32. Nh6+
Kf8 33. Bc5+ Kg7 34. Ng4 Nd7 35. Be3 Bc3 36. Rxd5 Nf6 37. Bh6+ Kg8 38. Nxf6+
Bxf6 39. Rd6 Bg7 40. Bxg7 Kxg7 41. Rb1 a5 42. Rd5 Re2 43. Kg2 Rb6 44. Rxa5 Rf6
45. Rf1 Rb6 46. Rb5 Rxb5 47. axb5 Rb2 48. Rc1 Rxb3 49. Rc5 h5 50. h4 Kh7 51.
Kf1 Rb2 52. Ke1 Kg7 53. Kd1 Rxf2 54. Kc1 Re2 55. b6 Re8 56. b7 Rb8 57. Rb5 Kf6
58. Kd2 Ke6 59. Ke3 Kd6 60. Kd4 Kc6 61. Rb1 f6 62. Rf1 Rd8+ 63. Kc4 Kxb7 64.
Rxf6 Rg8 65. Kd5 g5 66. Rh6 gxh4 67. gxh4 Kc7 68. Ke6 Kd8 69. Rxh5 Ke8 70. Kf6
Rf8+ 71. Kg7 Rf7+ 72. Kg6 Ke7 73. Rh8 Rf6+ 74. Kg5 Kf7 75. Rh7+ Kg8 76. Kxf6
1/2-1/2

[Event "RUS-Cup2"]
[Site "Moscow"]
[Date "1996.??.??"]
[Round "7"]
[White "Vlassov, Nikolai"]
[Black "Malakhov, Vladimir"]
[Result "1-0"]
[WhiteElo "2395"]
[BlackElo "2525"]
[Annotator "Chekhov,V"]
[PlyCount "79"]
[EventDate "1996.11.28"]
[EventType "swiss"]
[EventRounds "9"]
[EventCountry "RUS"]
[SourceTitle "CBM 056 Extra"]
[Source "ChessBase"]
[SourceDate "1997.03.01"]
[SourceVersion "1"]
[SourceVersionDate "1997.03.01"]
[SourceQuality "1"]

1. e4 d5 2. exd5 Qxd5 3. Nc3 Qa5 4. Nf3 Nf6 5. d4 Bg4 6. h3 Bh5 7. g4 Bg6 8.
Ne5 c6 9. h4 Nbd7 (9... Be4 10. Rh3 Bd5 11. b4 Qb6 12. Nxd5 Nxd5 13. c3 $14 {
Szuk,B-Gelashvili,T/Szombathely/1993/1|0/32/}) 10. Nc4 (10. Rh3 $5) 10... Qc7
11. h5 Be4 12. Nxe4 Nxe4 13. Qf3 Nd6 14. Bf4 Nb6 (14... h6 15. O-O-O Nf6 16.
Nxd6+ exd6 17. Re1+ Be7 18. Bc4 Qd7 19. g5 hxg5 20. Bxg5 $36 {Valent,I-Petreje,
J/SVK/1994/1|0/45/}) 15. Ne3 $1 {N/} (15. Ne5 Nd5 16. Bd2 Qb6 17. c3 Qxb2 18.
Rd1 e6 $13 {Kasimdzhanov,R-Nikitin,A/Voskresensk/1993/0,5/18/}) 15... Na4 $6 (
15... e6 $5 16. c4 c5 17. d5 $14) 16. O-O-O Qb6 17. b3 Nc3 18. Bxd6 $1 Nxd1 (
18... exd6 19. Nc4 Qb4 (19... Nxa2+ 20. Kb2 Qa6 21. Nxd6+ $18) 20. a3 $18) 19.
Bc5 Qa5 20. Nxd1 Qxa2 21. Nc3 Qa5 (21... Qa1+ 22. Kd2 Qa5 23. Bc4 e6 24. b4 Qc7
25. h6 $18) 22. Kb2 e6 23. Bxf8 Rxf8 24. h6 g6 25. Qf6 Qd8 26. Ne4 $18 Qxf6 (
26... Qd5 27. Bd3 Rd8 28. c3 c5 29. Qh4 $1 $18) 27. Nxf6+ Ke7 28. Nxh7 Rfd8 29.
Kc3 c5 30. dxc5 Rd5 31. f4 Rxc5+ 32. Kb2 f6 33. g5 fxg5 34. Nxg5 Rf5 35. h7 Rh8
36. Bd3 (36. Rh4 e5 37. Bd3 Rxf4 38. Rxf4 exf4 39. Bxg6 Kf6 40. Nf7 Kxg6 (40...
f3 41. Nxh8 f2 42. Bd3 $18) 41. Nxh8+ Kxh7 42. Nf7 Kg6 (42... f3 43. Ng5+ $18)
43. Ne5+ Kf5 44. Nd3 Ke4 45. Kc1 Ke3 46. Kd1 f3 47. Ke1 $18) 36... Rxf4 37.
Bxg6 e5 38. Bd3 Rg4 39. Rh5 b6 40. Ne4 (40. Ne4 Ke6 41. Bc4+ Ke7 (41... Kd7 42.
Nf6+ $18) 42. Rxe5+ Kf8 43. Bg8 $18) 1-0

[Event "Montreal International"]
[Site "Montreal"]
[Date "1979.05.03"]
[Round "17"]
[White "Spassky, Boris Vasilievich"]
[Black "Larsen, Bent"]
[Result "1-0"]
[WhiteElo "2640"]
[BlackElo "2620"]
[Annotator "ChessBase"]
[PlyCount "63"]
[EventDate "1979.04.11"]
[EventType "tourn"]
[EventRounds "18"]
[EventCountry "CAN"]
[EventCategory "15"]
[SourceTitle "MCL"]
[Source "ChessBase"]
[SourceDate "1999.07.01"]
[SourceVersion "1"]
[SourceVersionDate "1999.07.01"]
[SourceQuality "1"]

1. e4 d5 2. exd5 Qxd5 3. Nc3 Qa5 4. d4 Nf6 5. Nf3 (5. Bd2 {Karpov,An-Larsen,B/
Montreal (12)/1979/0-1/}) 5... Bf5 (5... Bg4) 6. Bd2 Nbd7 (6... c6 7. Bc4 e6 8.
Qe2 Bb4 (8... Nbd7 {game}) 9. O-O-O Nbd7 10. Ne5 $14 Nxe5 11. dxe5 Nd5 12. Bxd5
exd5 (12... cxd5 13. Qb5+) 13. g4 Be6 14. f4 O-O-O 15. a3) 7. Bc4 c6 8. Qe2 e6
(8... Bxc2 9. Nb5 Qd8 $2 10. Nd6#) (8... Qc7 $5 9. Ne5 e6 10. g4 $2 Nxe5 (10...
Bxc2 $2 11. Nxf7 Kxf7 12. Qxe6+ Kg6 13. Qf7#) 11. dxe5 Nxg4) 9. d5 $1 cxd5 10.
Nxd5 Qc5 $6 (10... Qd8 11. O-O-O) 11. b4 (11. Bb4) 11... Qc8 12. Nxf6+ gxf6 (
12... Nxf6 13. Bb5+ Ke7 (13... Nd7 $2 14. Ne5 $18) 14. Nd4 Bg6 15. O-O {/\f4-f5
}) 13. Nd4 Bg6 14. h4 h5 15. f4 Be7 16. Rh3 Qc7 (16... O-O 17. f5 exf5 18. Rg3
$1 (18. Qxe7 $2 Re8 19. Nxf5 Qxc4 $19) 18... Kh7 19. Nxf5 {/\Ne7,Qe3}) 17.
O-O-O Qb6 (17... O-O-O 18. f5 $1) 18. Be1 O-O-O 19. Nb5 $1 Nb8 20. Rxd8+ $1 (
20. Bf2 Rxd1+ 21. Kxd1 Qd8+) 20... Kxd8 (20... Rxd8 21. Bf2 $19) (20... Qxd8
21. Nxa7+ Kc7 22. Rc3 $1 $18) 21. Bf2 Qc6 22. Bxa7 Nd7 23. a3 $1 Qe4 (23... b6
24. Rc3 Qe4 25. Qf2 Qb7 26. Be2 $18) 24. Be3 Bf5 25. Rg3 Qc6 (25... Bg4 26.
Bb6+) 26. Nd4 Qa4 27. Nxf5 $1 Qxa3+ (27... exf5 28. Bd4 $1) 28. Kd1 Qa1+ 29.
Bc1 Bxb4 (29... exf5 30. Ra3 $1) 30. Bb5 Nb6 31. Qe4 Qa5 32. Qxb7 {/\Rd3+} 1-0

[Event "Montreal International"]
[Site "Montreal"]
[Date "1979.04.27"]
[Round "12"]
[White "Karpov, Anatoly"]
[Black "Larsen, Bent"]
[Result "0-1"]
[WhiteElo "2705"]
[BlackElo "2620"]
[Annotator "ChessBase"]
[PlyCount "110"]
[EventDate "1979.04.11"]
[EventType "tourn"]
[EventRounds "18"]
[EventCountry "CAN"]
[EventCategory "15"]
[SourceTitle "MCL"]
[Source "ChessBase"]
[SourceDate "1999.07.01"]
[SourceVersion "1"]
[SourceVersionDate "1999.07.01"]
[SourceQuality "1"]

1. e4 d5 2. exd5 Qxd5 3. Nc3 Qa5 4. d4 Nf6 5. Bd2 (5. Nf3 {Spassky,B-Larsen,B/
Montreal (17)/1979/1-0/ main line}) 5... Bg4 (5... c6) 6. Be2 Bxe2 7. Ncxe2
$146 Qb6 8. Nf3 Nbd7 9. O-O e6 10. c4 $1 Be7 (10... Qxb2 11. Nc3 $44) 11. b4 $5
O-O 12. a4 c6 (12... Bxb4 $2 13. a5 $18) (12... a6 13. Qb3 Ne4 14. c5 Qc6 15.
b5 axb5 16. axb5 Qd5 17. Qxd5 exd5 18. Bf4 $36) 13. Qc2 Qc7 {/\e5} 14. Rfe1 b6
(14... e5 $6 15. Ng3) 15. a5 Rfb8 $10 16. a6 $2 (16. Reb1 e5 $6 17. dxe5 Ng4
18. e6) 16... b5 $1 17. c5 Nd5 18. Nc1 Re8 19. Nd3 Rad8 20. g3 Bf6 21. Re4 Nf8
22. h4 $6 Rd7 23. Kg2 Red8 $6 24. g4 $6 Re8 25. g5 Bd8 26. Nfe5 Rde7 27. Bf4 {
><e5} Qc8 28. Bg3 f6 29. Nf3 Rf7 30. Qd2 fxg5 $5 (30... Ng6 $5 31. h5 (31. Rae1
fxg5 (31... Qxa6)) 31... Nge7) 31. Nxg5 (31. hxg5 $142 Rf5 $6 (31... Ng6 $5 32.
Nfe5 Rf5 $1 (32... Nxe5 33. Bxe5 {/\f4})) 32. Nde5 Bc7 33. Nh4 $1 $13) 31...
Rf5 $17 32. Ra3 Ng6 33. Nf3 Ref8 34. Nfe5 Nxe5 35. Rxe5 (35. Nxe5 Bc7 36. Nf3
Bf4 $40 {/\Qe8}) 35... Rf3 36. Ra1 $6 (36. Qe2 R3f6 (36... Nxb4 37. Nxb4 $1
Rxa3 38. Rxe6) 37. Re4 Bc7 38. Bxc7 Qxc7 39. Rxe6 $2 Rxf2+ $1 40. Qxf2 Rxf2+
41. Kxf2 Qh2+ $19) 36... Bxh4 37. Qe2 (37. Bxh4 Rxd3 38. Qxd3 $2 Nf4+ $19) (37.
Rxd5 exd5 $1 38. Bxh4 Qg4+ 39. Bg3 Qe4 $19) 37... Bxg3 38. fxg3 Qd7 {/\39...Qf7
} 39. Qxf3 Rxf3 40. Kxf3 Nxb4 41. Rd1 (41. Nxb4 Qxd4 $17) 41... Qxd4 (41...
Nxa6 $5 {/\Nc7}) 42. Re4 Qd5 43. Nf2 Qh5+ $19 (43... Qxc5 $19) 44. Kg2 (44. g4
Qxc5) 44... Nd5 45. Rxe6 h6 $1 46. Rd3 (46. Rde1 Kh7 47. R1e5 Qf7 48. Rxc6 $2
Ne3+ 49. Rxe3 $2 Qd5+ $19) 46... Kh7 47. Rf3 b4 48. g4 (48. Rxc6 Ne3+ 49. Rxe3
Qd5+ $19) 48... Qg5 49. Kg3 Qc1 50. Nh3 (50. Rxc6 Qg1+ 51. Kh3 b3 $19) 50...
Qc4 51. g5 h5 52. Re8 h4+ 53. Kg2 b3 54. Rb8 Qe2+ 55. Nf2 Ne3+ 0-1

[Event "Parnu-B"]
[Site "Parnu"]
[Date "1996.02.04"]
[Round "3"]
[White "Rytshagov, Mikhail"]
[Black "Westerinen, Heikki MJ"]
[Result "1/2-1/2"]
[WhiteElo "2495"]
[BlackElo "2410"]
[Annotator "ChessBase"]
[PlyCount "92"]
[EventDate "1996.02.??"]
[EventType "tourn"]
[EventRounds "9"]
[EventCountry "EST"]
[EventCategory "10"]
[SourceTitle "CBM 052"]
[Source "ChessBase"]
[SourceDate "1996.06.01"]
[SourceVersion "1"]
[SourceVersionDate "1996.06.01"]
[SourceQuality "1"]

1. e4 d5 2. exd5 Qxd5 3. Nc3 Qa5 4. d4 Nf6 5. Nf3 Bf5 6. Bd2 c6 7. Bc4 e6 8.
Qe2 Bb4 (8... Nbd7 $145 9. d5 cxd5 10. Nxd5 Qd8 $1 (10... Qc5 11. b4 Qc8 12.
Nxf6+ $16 {Spassky,B-Larsen,B/Montreal/1979/}) 11. Nxf6+ (11. O-O-O $1) 11...
Qxf6 $1 (11... gxf6 12. Nd4 Bg6 13. f4 Be7 14. f5 {London,D-Krant,R/New York
ACC (10) ;EXT 93 1993/1-0 (48)}) 12. O-O-O (12. Bc3 Bb4 $1 13. Bxb4 $2 Qxb2 $17
) 12... Ba3 $1 13. c3 Bc5 $15) 9. O-O-O (9. Ne5 $145 Nbd7 10. Nxd7 Nxd7 11. a3
Bxc3 12. Bxc3 Qc7 $10) 9... Nbd7 10. Nh4 Bg4 11. f3 Bxc3 12. bxc3 Bh5 13. g4
Bg6 14. Bb3 Qa3+ 15. Kb1 a5 16. Nf5 a4 17. Nxg7+ Kd8 18. Bc1 Qf8 19. Bh6 axb3
20. Nxe6+ fxe6 21. Bxf8 bxc2+ 22. Ka1 cxd1=Q+ 23. Rxd1 Rxf8 24. c4 Kc7 25. h4
Ra4 26. Qh2+ Kc8 27. h5 Bf7 28. Rc1 Ne8 29. Qc2 Ra3 30. Qxh7 Rxf3 31. g5 Bg8
32. Qe7 Rh3 33. h6 Nc7 34. Qg7 Ne8 35. Qe7 Rh2 36. Rg1 e5 37. d5 cxd5 38. cxd5
Bxd5 39. h7 Nc7 40. Rc1 Bc4 41. h8=Q Rxa2+ 42. Kb1 Rxh8 43. Rxc4 Ra6 44. Qg7
Rh1+ 45. Kb2 Rh2+ 46. Kb1 Rh1+ 1/2-1/2

[Event "Copenhagen Open-03 (Politiken Cup-02)"]
[Site "Copenhagen"]
[Date "1981.06.25"]
[Round "6"]
[White "Radulov, Ivan"]
[Black "Taulbut, Shaun M"]
[Result "0-1"]
[WhiteElo "2450"]
[BlackElo "2380"]
[Annotator "ChessBase"]
[PlyCount "70"]
[EventDate "1981.06.20"]
[EventType "swiss"]
[EventRounds "10"]
[EventCountry "DEN"]
[SourceTitle "EXT 2000"]
[Source "ChessBase"]
[SourceDate "1999.11.16"]
[SourceVersion "1"]
[SourceVersionDate "1999.11.16"]
[SourceQuality "1"]

1. e4 d5 2. exd5 Qxd5 3. Nc3 Qa5 4. d4 Nf6 5. Nf3 Bf5 6. Bd3 e6 7. O-O Nbd7 8.
Bf4 c6 9. a3 Bxd3 10. Qxd3 Be7 11. Ne4 Nxe4 12. Qxe4 Nf6 13. Qe2 Qf5 14. Bg3
O-O 15. Rad1 Rad8 16. Rd3 Qb5 17. Ne5 Rxd4 18. c4 Qb6 19. Rxd4 Qxd4 20. Rd1 Qe4
21. Qd2 h6 22. Re1 Rd8 23. Qa5 Qc2 24. h3 Qd2 25. Qxd2 Rxd2 26. b4 Ra2 27. Re3
Kf8 28. Rd3 Ke8 29. Bf4 a5 30. bxa5 Ra1+ 31. Kh2 Rxa3 32. Rxa3 Bxa3 33. Nxc6
bxc6 34. a6 Nd7 $1 (34... Bc5 $4 35. Be3 Bxe3 36. fxe3 Nd7 37. c5 $3 $18) 35.
Be3 c5 $1 0-1

[Event "SWE-ch"]
[Site "Helsingborg"]
[Date "1991.??.??"]
[Round "6"]
[White "Degerman, Lars"]
[Black "Setterqvist, Kurt"]
[Result "1-0"]
[WhiteElo "2405"]
[BlackElo "2335"]
[Annotator "ChessBase"]
[PlyCount "65"]
[EventDate "1991.??.??"]
[EventType "tourn"]
[EventRounds "15"]
[EventCountry "SWE"]
[EventCategory "4"]
[SourceTitle "TD"]
[Source "ChessBase"]
[SourceDate "1994.03.01"]
[SourceVersion "1"]
[SourceVersionDate "1994.03.01"]
[SourceQuality "1"]

1. e4 d5 2. exd5 Qxd5 3. Nc3 Qa5 4. d4 Nf6 5. Nf3 Bf5 6. Ne5 c6 7. Bd3 {
Partiet Schneider-Setterqvist fortsatte 7.Lc4 e6 8.g4 Le4 9.f3 Ld5 och vit
fick sÅ smÅningom fördel.} Bxd3 8. Qxd3 Nbd7 9. f4 $1 {Det är viktigt att
behÅlla terrängfördelen.} e6 10. O-O Rd8 {Med hotet 11. - Sxe5 12.fxe5 Txd4}
11. Nc4 Qa6 {En udda ruta för damen men svart var med rätta rädd för 12.f5. Om
vit nu försöker med 12.f5 besvaras det med 12. - Sc5.} (11... Qc7 12. f5 e5 (
12... exf5 13. Qe2+ Be7 14. Bf4 {Och vit vinner damen.}) 13. Qe2) 12. b3 g6 13.
Ne4 Nxe4 14. Qxe4 Be7 15. Bb2 O-O $2 (15... Nf6) 16. f5 $1 gxf5 (16... Nf6 17.
Qh4 exf5 (17... gxf5 18. d5 {Med avgörande fördel.}) 18. Rae1 {Följt av Txe7.})
17. Rxf5 exf5 18. Qxe7 Qb5 $1 19. Rf1 $1 {Svart mÅste försöka fÅ med damen i
försvaret. 19.d5 är nu dÅligt pÅ grund av 19. - Dc5+ och dambyte.} Qd5 20. Qg5+
Kh8 21. Rxf5 f6 $1 {Enda draget.} 22. Rxd5 fxg5 23. Rxg5 Nf6 24. Ne5 {Svart
har nu "räddat" sig in i ett slutspel. Men förmodligen stÅr vit redan pÅ vinst.
Det hotar c2-c4 och d4-d5 och den slumrande löparen pÅ b2 vaknar till liv.
Diagram} c5 (24... Ne4 25. d5 $1 Nxg5 26. Nf7+ Kg8 27. Nh6# {Matt!}) (24... h6
25. Ng6+ Kg8 26. Rf5 Rf7 27. Ne5 Rff8 28. Ba3 {Vinner tillbaks kvaliten och
vit är tvÅ bönder upp.}) 25. d5 h6 (25... Rxd5 26. Nf7+ Rxf7 27. Rxd5 Kg8 28.
Rd8+ Kg7 29. Rd6 {Och efter att alla pjäser bytts vinner vit bondeslutspelet.})
26. Ng6+ Kg8 27. Rf5 Nxd5 28. Nxf8 (28. Rxd5 Rxd5 29. Ne7+ Kf7 30. Nxd5 {
Och en hel del arbete ÅterstÅr innan segern är bärgad.}) 28... Ne3 29. Rf3 Nd1
30. Bc1 Rxf8 31. Rxf8+ Kxf8 32. Bxh6+ Kf7 33. Bd2 {uppg.} 1-0

[Event "Orange op"]
[Site "Orange"]
[Date "1994.??.??"]
[Round "8"]
[White "Carlier, Bruno"]
[Black "Prie, Eric"]
[Result "1/2-1/2"]
[WhiteElo "2355"]
[BlackElo "2475"]
[Annotator "ChessBase"]
[PlyCount "125"]
[EventDate "1994.??.??"]
[EventType "swiss"]
[EventRounds "9"]
[EventCountry "FRA"]
[SourceTitle "EXT 1999"]
[Source "ChessBase"]
[SourceDate "1998.11.16"]
[SourceVersion "1"]
[SourceVersionDate "1998.11.16"]
[SourceQuality "1"]

1. e4 d5 2. exd5 Qxd5 3. Nc3 Qa5 4. d4 c6 5. Bc4 Bf5 6. Nf3 Nf6 7. Bd2 e6 8.
Qe2 Bb4 9. a3 Nbd7 (9... Bg4 10. Qe3 $1 Nbd7 11. O-O $6 (11. Ne5 Bh5 (11...
Nxe5 12. dxe5 Nd5 (12... Nd7 13. O-O Bxc3 14. Bxc3 {Avec gros avantage Blanc})
13. Bxd5 cxd5 (13... Bxc3 14. Bxc6+ bxc6 15. Bxc3) 14. Qg5 $18) 12. Nxd7 Nxd7
13. O-O Bxc3 14. Bxc3 Qc7 {Avec avantage Blanc}) 11... Bxc3 12. Bxc3 Qc7 13.
Ne5 Bf5 14. Rfe1 O-O $11 {Guadalpi,D-Prie,E Ronde 4} (14... Bxc2 $4 15. Nxf7
Kxf7 16. Qxe6+ Kg6 17. Qf7+ Kh6 18. Bd2+ g5 19. h4 $18)) 10. O-O $6 (10. O-O-O
Bxc3 11. Bxc3 Qc7 12. Ne5 Nd5 13. Bd2 Nxe5 14. dxe5 O-O-O 15. g4 Bg6 16. f4 {
Avec léger avantage Blanc Psakhis,L-Wahls,M Baden Baden 1992}) 10... Bxc3 11.
Bxc3 Qc7 12. a4 O-O 13. a5 Rfe8 (13... Nd5 14. Bxd5 cxd5 (14... exd5 15. Rfe1
$11) 15. Bb4 Rfe8 16. c3 $11) 14. b3 Rad8 15. Bb2 Bg4 16. h3 Bh5 17. g4 Bg6 18.
Ne5 b5 19. axb6 axb6 20. Nxg6 $2 (20. f4 b5 21. Bd3 Nxe5 (21... Bxd3 22. Nxd3 {
Avec léger avantage Blanc}) 22. fxe5 Bxd3 23. Qxd3 Nd5 {Avec l'idée b4 n'est
pas clair}) 20... hxg6 21. f4 Nd5 22. Qf3 b5 23. Bd3 b4 $1 {DIAG Les Noirs ont
un gros avantage car les deux fous Blancs sont "mauvais"!} 24. Bc4 N7f6 25. Bc1
Nc3 $5 (25... Ra8) 26. Be3 Nfd5 27. Ra6 Nb5 28. Bf2 Na3 (28... Qxf4 $4 29. Bxd5
$18) 29. Bd3 (29. c3 Nxc4 30. bxc4 Qxf4 31. Qxf4 Nxf4 32. Be3 Ne2+ 33. Kf2 Nxc3
34. Rxc6 b3 35. Rb6 Rb8 36. Rxb8 Rxb8 $19) 29... Qxf4 30. Qxf4 Nxf4 31. Rxc6
Nxh3+ 32. Kh2 Nxf2 33. Rxf2 Rxd4 34. Rc7 f5 $4 (34... Rf8 35. Kg3 Nb1 (35... f5
36. Rf4) 36. Rf4 Rxf4 37. Kxf4 Nc3 $19) 35. gxf5 exf5 (35... gxf5 36. Rg2 Rh4+
37. Kg1 Rh7 38. Rb7) 36. Rg2 Kh7 (36... Re6 37. Bxf5 $3 gxf5 38. Rgxg7+ Kf8 39.
Rcf7+ Ke8 40. Rb7 Re2+ (40... Rh6+ 41. Kg3 Rh8 (41... Rg4+ 42. Rxg4 fxg4 43.
Rxb4 $11) 42. Rbe7+ Kd8 43. Ra7 f4+ 44. Kf3 Ke8 45. Rge7+ Kd8 46. Rg7 $11) 41.
Kg3 f4+ 42. Kf3 Re3+ 43. Kf2 Rd2+ 44. Kf1 Rg3 45. Rh7 Rg8 46. Rb8+ Rd8 47. Rxb4
$11) 37. Rc6 Rh4+ 38. Kg1 Rh6 39. Rb6 Nb1 40. Rxb4 Nc3 41. Rd4 Re1+ 42. Kf2 Re5
43. Rg1 Ne2 44. Bxe2 Rh2+ 45. Kf3 $1 Rhxe2 (45... Rexe2 46. Rh4+ Rxh4 47. Kxe2
Kh6 48. Rb1 {Et les Blancs sont très rapides.}) 46. Rc4 R5e3+ 47. Kf4 Rh3 48.
Rg3 $1 {Sinon Rh6-+} Rh4+ 49. Kg5 Rh5+ 50. Kf4 Rhh2 $6 {Les 2 joueurs n'ont
plus que 5 minutes dans la phase KO} (50... Rf2+ $1 51. Ke3 (51. Rf3 g5+ 52.
Kg3 Rxf3+ 53. Kxf3 Rh3+ 54. Kg2 g4 55. b4 g5 56. b5 f4 57. b6 f3+ 58. Kg1 g3
59. b7 f2+ 60. Kg2 Rh1 {Et cette fois ce sont les Noirs qui ont été les plus
véloces}) 51... Rhh2 52. Rh3+ $1 (52. Rh4+ Rxh4 53. Kxf2 Rh2+ 54. Rg2 Rxg2+ 55.
Kxg2 Kg8 {Avec une finale de pions gagnante}) 52... Rxh3+ 53. Kxf2 g5 54. b4
Rh1 {posait plus de problèmes aux Noirs}) 51. Rc6 Ref2+ 52. Ke5 f4 53. Rg1 Rh5+
54. Ke4 g5 55. b4 Rh6 56. Rc5 Re6+ 57. Kf5 Rf6+ 58. Kg4 f3 59. Rc3 $1 {Malgré
le peu de temps les Noirs se défendent avec une précision diabolique!} Kg6 (
59... Rg2+ 60. Rxg2 fxg2 61. Rg3) 60. Kg3 Re2 61. Rxf3 Rxc2 62. Rb3 Rfc6 63.
Rgb1 {En gagnant cette partie je jouais de toute façon contre sharif а la
dernière ronde, et en tablant sur un résultat nul qui nous assurait а tous
deux le gain du tournoi, j'aurais terminé premier au départage...} 1/2-1/2

[Event "Bad Endbach"]
[Site "Bad Endbach"]
[Date "1995.??.??"]
[Round "?"]
[White "Kupreichik, Viktor D"]
[Black "Wahls, Matthias"]
[Result "0-1"]
[WhiteElo "2500"]
[BlackElo "2555"]
[Annotator "ChessBase"]
[PlyCount "88"]
[EventDate "1995.04.??"]
[EventType "tourn"]
[EventRounds "11"]
[EventCountry "GER"]
[EventCategory "11"]
[SourceTitle "CBM 047"]
[Source "ChessBase"]
[SourceDate "1995.08.01"]
[SourceVersion "1"]
[SourceVersionDate "1995.08.01"]
[SourceQuality "1"]

1. e4 d5 2. exd5 Qxd5 3. Nc3 Qa5 4. d4 c6 5. Bc4 Bf5 6. Bd2 e6 7. d5 cxd5 8.
Nxd5 Qd8 9. Qe2 Ne7 10. Ne3 Nbc6 11. Nf3 Qc7 12. O-O-O O-O-O 13. Bc3 Rxd1+ 14.
Rxd1 Bg6 15. Qd2 Kb8 16. Bb3 Rg8 17. Ba4 a6 18. Ng4 f6 19. Ne3 Bf7 20. Bb3 Nc8
21. Qd3 Rh8 22. Qe4 Nd6 23. Qg4 h5 24. Qa4 Nb5 25. Nd4 Nbxd4 26. Bxd4 Qxh2 27.
Bb6 Bd6 28. g3 Bc7 29. Bxc7+ Kxc7 30. Qf4+ e5 31. Qf3 Bxb3 32. axb3 Nd4 33.
Rxd4 exd4 34. Nc4 Rd8 35. Na5 Kd7 36. Nxb7 Rc8 37. Qf5+ Kc7 38. Nc5 Qh1+ 39.
Kd2 Qc6 40. Ne6+ Kb7 41. Nxg7 d3 42. Qxd3 Qc5 43. Qf3+ Rc6 44. c3 $2 (44. Qf5
$142 $1) 44... Qg5+ 0-1